| 000 | 00528nam a22001817a 4500 | ||
|---|---|---|---|
| 003 | BDDh-ASL | ||
| 005 | 20231015031024.0 | ||
| 008 | 220926s1964 pk ||||| |||| 00| 0 urd d | ||
| 040 |
_aBDDh-ASL _cBDDh-ASL |
||
| 041 | _aurd | ||
| 082 |
_a297 _bDIA |
||
| 100 | 1 |
_96620 _aDihlavi, Shah Abdul Aziz |
|
| 245 | 1 | 0 | _aAjala Nafea Fawad Jamia Bur : / عجالہ نافعہ فوائد جامعۂ بر |
| 260 |
_aKarachi : _bNur Mohamamd, _c1964. |
||
| 300 |
_a544 p. : _c25 cm. |
||
| 650 | 0 |
_93956 _aHadith |
|
| 942 |
_2ddc _cBK |
||
| 999 |
_c29352 _d29352 |
||